<?xml version="1.0" encoding="UTF-8"?>
<collection xmlns="http://www.loc.gov/MARC21/slim">
 <record>
  <leader>01846nam a2200205Ia 4500</leader>
  <controlfield tag="001">CTU_154692</controlfield>
  <controlfield tag="008">210402s9999    xx            000 0 und d</controlfield>
  <datafield tag="020" ind1=" " ind2=" ">
   <subfield code="c">32000</subfield>
  </datafield>
  <datafield tag="082" ind1=" " ind2=" ">
   <subfield code="a">843.91</subfield>
  </datafield>
  <datafield tag="082" ind1=" " ind2=" ">
   <subfield code="b">L619</subfield>
  </datafield>
  <datafield tag="100" ind1=" " ind2=" ">
   <subfield code="a">Leroy, Gilles</subfield>
  </datafield>
  <datafield tag="245" ind1=" " ind2="0">
   <subfield code="a">Alabama song</subfield>
  </datafield>
  <datafield tag="245" ind1=" " ind2="0">
   <subfield code="c">Gilles Leroy; Bằng Quang (dịch)</subfield>
  </datafield>
  <datafield tag="260" ind1=" " ind2=" ">
   <subfield code="a">Tp.Hồ Chí Minh</subfield>
  </datafield>
  <datafield tag="260" ind1=" " ind2=" ">
   <subfield code="b">Văn hóa Sài Gòn</subfield>
  </datafield>
  <datafield tag="260" ind1=" " ind2=" ">
   <subfield code="c">2010</subfield>
  </datafield>
  <datafield tag="520" ind1=" " ind2=" ">
   <subfield code="a">Montgomery, Alabama, 1918. Zelda Sayre, con gái một gia đình quyền quý, gặp viên trung úy Scott Fitzgerald, một cuộc gặp gỡ định mệnh. Với những rạo rực của một cô gái trẻ bước vào đời, mong muốn vượt thoát mọi ràng buộc của xã hội tỉnh lẻ miền Nam, Zelda cùng Scott lao mình về phía thiên đường. Thành công vang dội của cuốn tiểu thuyết này được ca tụng là nhà văn lỗi lạc nhất thời đại đã biến cặp đôi thành đứa con cưng của giới thượng lưu New York. Vậy nhưng thiên đường đó có là vô tận khi tiếp nối chuỗi những dạ tiệc xa hoa, hội hè rực rỡ là những cơn say triền miên, là chứng tâm thần phân lập, là những giày vò giằng xé lẫn nhau đưa đến cái kết của một bi kịch phủ nhung? “Leroy kể lại nỗi đau của một người đàn bà mà để trở thành nàng thơ của một thiên tài đã từ từ bước xuống địa ngục”  . L’Express</subfield>
  </datafield>
  <datafield tag="650" ind1=" " ind2=" ">
   <subfield code="a">French literature,Văn học Pháp</subfield>
  </datafield>
  <datafield tag="650" ind1=" " ind2=" ">
   <subfield code="y">20th century,Thế kỷ 20</subfield>
  </datafield>
  <datafield tag="980" ind1=" " ind2=" ">
   <subfield code="a">Trung tâm Học liệu Trường Đại học Cần Thơ</subfield>
  </datafield>
 </record>
</collection>
